Health and Safety Statistics 2007/08 (Record no. 108967)
[ view plain ]
| 000 -LEADER | |
|---|---|
| fixed length control field | 01719cad a22002295a 4500 |
| 001 - CONTROL NUMBER | |
| control field | L145926 |
| 008 - FIXED-LENGTH DATA ELEMENTS--GENERAL INFORMATION | |
| fixed length control field | 081124s2008 xxkbd f s 000 0 eng d |
| 035 ## - SYSTEM CONTROL NUMBER | |
| System control number | (Sirsi) u145926 |
| 041 0# - LANGUAGE CODE | |
| Language code of text/sound track or separate title | eng |
| 050 04 - LIBRARY OF CONGRESS CALL NUMBER | |
| Classification number | 344.41065 $2 18 |
| 110 2# - MAIN ENTRY--CORPORATE NAME | |
| Corporate name or jurisdiction name as entry element | Great Britain |
| Subordinate unit | Health and Safety Executive |
| 245 00 - TITLE STATEMENT | |
| Title | Health and Safety Statistics 2007/08 |
| Medium | [electronic resource] |
| 260 ## - PUBLICATION, DISTRIBUTION, ETC. | |
| Place of publication, distribution, etc. | London |
| Name of publisher, distributor, etc. | Health and Safety Executive |
| Date of publication, distribution, etc. | 2008 |
| 505 2# - FORMATTED CONTENTS NOTE | |
| Formatted contents note | Key facts -- Work-related ill health -- Workplace injuries -- Industry sectors -- Working conditions -- Countries and regions -- Progress against targets -- Enforcement -- Sources and definitions |
| 520 ## - SUMMARY, ETC. | |
| Summary, etc. | Presents the statistics of work related illnesses and workplace injuries in Great Britain, for the period of 2007-2008. Reports as key facts that 2.1 million people were suffering from a work-related illness. In the category of injuries, 229 workers were killed at work. 34 million days were lost, 28 million due to work-related injury, 6 due to workplace related injury. Shows that the target for fatal and major injuries were on track to meet the Revitalising Health and Safety target. On the opposite, the categories "Ill health" and "Days lost per worker" were probably not on track to meet the Revitalising Health and Safety target. Concludes that on the matter of enforcement, 1028 offences were prosecuted by the Health and Safety Executive, while 354 offences were prosecuted by local authorities. Tables and maps. |
| 521 ## - TARGET AUDIENCE NOTE | |
| Target audience note | Advanced |
| 590 ## - LOCAL NOTE (RLIN) | |
| Local note | KA |
| 651 #4 - SUBJECT ADDED ENTRY--GEOGRAPHIC NAME | |
| Geographic name | Great Britain |
| Chronological subdivision | 1707- |
| 690 ## - LOCAL SUBJECT ADDED ENTRY--TOPICAL TERM (OCLC, RLIN) | |
| Topical term or geographic name as entry element | Health and safety |
| 9 (RLIN) | 6244 |
| 856 40 - ELECTRONIC LOCATION AND ACCESS | |
| Uniform Resource Identifier | <a href="https://www.hse.gov.uk/statistics/overall/hssh0708.pdf">https://www.hse.gov.uk/statistics/overall/hssh0708.pdf</a> |
| Public note | View the item free of charge at www.hse.gov.uk... |
| 942 ## - ADDED ENTRY ELEMENTS (KOHA) | |
| Suppress in OPAC | 0 |
| Withdrawn status | Lost status | Source of classification or shelving scheme | Damaged status | Not for loan | Home library | Current library | Shelving location | Date acquired | Total Checkouts | Full call number | Barcode | Date last seen | Copy number | Price effective from | Koha item type |
|---|---|---|---|---|---|---|---|---|---|---|---|---|---|---|---|
| Dewey Decimal Classification | Virtual | Virtual | Online | 24/11/2008 | ONLINE PUBLICATION | 145926-1001 | 06/08/2019 | 1 | 06/08/2019 | Book |